Szerednye. 4569 /
| Korporativní autor: | Rakousko-Uhersko. Militärgeographisches Institut |
|---|---|
| Další autoři: | Otava, Hanusch, Ed., Scharre, Borri, Kowařik |
| Jazyk: | Maďarština Němčina Slovenština |
| Vydáno: |
[Wien] : [K.u.k. Militärgeographisches Institut], 1910 |
| Vydání: | 2. Ausgabe |
| Edice: |
Třetí vojenské mapování 1:75 000 ;
4569, 1910 Spezialkarte der österreich-ungarischen Monarchie 1:75 000 ; 4569, 1910 |
| Témata: | |
| Externí odkaz: |
Digitalizovaný dokument
|
| Fyzický popis: |
1 mapa : černobílá ; 37 x 50 cm, na listu 46 x 58 cm |
| LEADER | 02668nem a2200613 i 4500 | ||
|---|---|---|---|
| 001 | 001521230 | ||
| 003 | CZ BrMZK | ||
| 005 | 20210119105028.0 | ||
| 007 | aj|aanzn | ||
| 008 | 160414s1910 au a 0| ger d | ||
| 034 | 1 | |a a |b 75000 |d E0222000 |e E0225000 |f N0484500 |g N0483000 | |
| 040 | |a BOA001 |b cze |e rda | ||
| 041 | 0 | |a ger |a hun |a slo | |
| 043 | |a e-xo--- |a e-un--- | ||
| 072 | 7 | |a 623 |x Vojenská technika |2 Konspekt |9 19 | |
| 072 | 7 | |a 912 |x Mapy. Atlasy. Glóby |2 Konspekt |9 7 | |
| 080 | |a 623.64 |2 MRF | ||
| 080 | |a 913(477) |2 MRF | ||
| 080 | |a (084.3)528.42 |2 MRF | ||
| 080 | |a (084.3)355/359 |2 MRF | ||
| 110 | 1 | |a Rakousko-Uhersko. |b Militärgeographisches Institut |7 kn20060405003 |4 ctg |4 pbl | |
| 245 | 1 | 0 | |a Szerednye. |p 4569 / |c [K.u.k. Militärgeographisches Institut] ; Geripp: Leut. Otava, Offiz. Hanusch u. Scharre ; Terrain: Oberlt. Borri u. Offiz. Kowařik |
| 246 | 3 | |a 45°69° | |
| 246 | 3 | 0 | |a 4569 |
| 250 | |a 2. Ausgabe | ||
| 255 | |a Měřítko 1:75 000 |c (E 22°20'00"--E 22°50'00"/N 48°45'00"--N 48°30'00") | ||
| 264 | 1 | |a [Wien] : |b [K.u.k. Militärgeographisches Institut], |c 1910 | |
| 300 | |a 1 mapa : |b černobílá ; |c 37 x 50 cm, na listu 46 x 58 cm | ||
| 336 | |a kartografický obraz |b cri |2 rdacontent | ||
| 337 | |a bez média |b n |2 rdamedia | ||
| 338 | |a list |b nb |2 rdacarrier | ||
| 490 | 1 | |a [Die Franzisco-Josephinische Landesaufnahme 1:75 000] ; |v 4569, 1910 | |
| 490 | 1 | |a [Spezialkarte der österreich-ungarischen Monarchie im Maße 1:75 000] ; |v 4569, 1910 | |
| 500 | |a Jednobarevný otisk | ||
| 500 | |a Další údaje o vydání: Teilweise berichtigt bis 16. VI. 1910 | ||
| 562 | |a Razítko: Důvěrné |5 CZ-BrMZK | ||
| 562 | |a Razítko: Povinný výtisk. Č.j. 2996/25 |5 CZ-BrMZK | ||
| 650 | 7 | |a vojenská topografie |7 ph316247 |2 czenas | |
| 651 | 7 | |a Seredné (Ukrajina : oblast) |7 ge889276 |2 czenas | |
| 655 | 7 | |a topografické mapy |7 fd809173 |2 czenas | |
| 655 | 7 | |a vojenské mapy |7 fd133817 |2 czenas | |
| 700 | 1 | |a Otava |7 mub20201076840 |4 ctg | |
| 700 | 1 | |a Hanusch, Ed. |7 mub20201073246 |4 ctg | |
| 700 | 1 | |a Scharre |7 mub20201077056 |4 ctg | |
| 700 | 1 | |a Borri |7 mub20201076828 |4 ctg | |
| 700 | 1 | |a Kowařik |4 ctg | |
| 787 | 0 | 8 | |t Übersichtsblatt der Spezialkarte 1:75 000 |w 1504372 |
| 830 | 0 | |a Třetí vojenské mapování 1:75 000 ; |v 4569, 1910 | |
| 830 | 0 | |a Spezialkarte der österreich-ungarischen Monarchie 1:75 000 ; |v 4569, 1910 | |
| 856 | 4 | 1 | |u http://www.digitalniknihovna.cz/mzk/uuid/uuid:30b4d5fe-a0e1-4547-a56b-195ec373c1c4 |y Digitalizovaný dokument |
| 910 | |a BOA001 |b Mpa-0081.473,4569-10 | ||
| 990 | |a MP | ||
| 991 | |b 201604 | ||
| 994 | |a PAR |l MZK01 |b 001504372 |m 4569 Szerednye. 1910 |n Übersichtsblatt der Spezialkarte 1:75 000 | ||
English
Čeština 